|
|
|
|
| LEADER |
00811cam a2200217 7i4500 |
| 001 |
0000021474 |
| 005 |
20171117090000.0 |
| 008 |
080611 eng |
| 020 |
|
|
|a 9780470060315 (hbk.)
|
| 040 |
|
|
|a DLC
|
| 090 |
0 |
0 |
|a Q337
|b .C66 2007
|
| 245 |
0 |
0 |
|a Cooperative control of distributed multi-agent system
|c edited by Jeff S. Shamma.
|
| 260 |
|
|
|a West Sussex, England:
|b John Wiley & Sons, Ltd.,
|c 2007.
|
| 300 |
|
|
|a xiv, 435 p.:
|b ill.;
|c 25 cm.
|
| 504 |
|
|
|a Includes bibliographical references and index
|
| 650 |
0 |
0 |
|a Distributed artificial intelligence
|
| 650 |
0 |
0 |
|a Control theory
|
| 650 |
0 |
0 |
|a Electronic data processing
|
| 700 |
1 |
|
|a Shamma, Jeff S.
|
| 997 |
|
|
|a Engineering & Life Sciences, Faculty
|b Engineering, Department
|
| 999 |
|
|
|a 0000031277
|b BOK
|c OPEN SHELF
|e 2nd Floor, Bestari Jaya
|